000 01567cam a2200133 4500500
005 20251214001514.0
041 _afre
042 _adc
100 1 0 _aMasclet, Olivier
_eauthor
245 0 0 _aL'invité permanent : La réception de la télévision dans les familles populaires
260 _bArmand Colin,
_c2018.
520 _aFini la télévision ? Abandonnée pour d’autres écrans ? Dans les familles ouvrières et employées, elle occupe toujours une place très importante.Alors qu’elle a pu être décrite comme la reine des foyers populaires, réunissant parents et enfants autour des programmes du soir, elle apparaît aujourd’hui comme un invité permanent. Bien plus longtemps allumée, elle rythme la vie quotidienne tout en offrant plus qu’un simple divertissement : celles et ceux qui la regardent cherchent à travers elle à répondre aux contradictions de leur position autant qu’aux exigences du monde contemporain. Elle s’impose dans les foyers populaires autant qu’elle y est attendue.Cet ouvrage fait découvrir ces téléspectateurs en brossant plusieurs portraits. Trois questions l’organisent : Quelle place la télévision prend-elle dans les existences des familles populaires d’aujourd’hui ? Quelles relations entre les femmes et les hommes et entre les parents et les enfants ses usages mettent-ils au jour ? Que font les individus des images et des personnages reçus tous les jours à domicile ?
856 4 1 _uhttps://shs.cairn.info/invite-permanent--9782200622152?lang=fr&redirect-ssocas=7080
999 _c1566244
_d1566244